000 00347nam a2200133Ia 4500
008 240624s9999 xx 000 0 und d
041 _aeng
082 _a158.2 CAR
100 _aCARTER RITA
245 _aREAD PEOPLE UNDERSTAND BEHAVIOUR EXPERTLY COMMUNICATE
260 _c2018
_aLondon
_bAURUM PRESS
300 _a157 p.; 23 cm.
365 _c
_b25
999 _c32058
_d32058